Statistics for All United States by Just First and Last Letter

Click here to take the quiz!

General Stats

  • This quiz has been taken 330 times
  • The average score is 26 of 50

Answer Stats

state% Correct
Alabama
91%
Alaska
91%
Arizona
91%
California
76%
Nebraska
74%
Nevada
74%
North Carolina
74%
North Dakota
74%
New York
67%
Washington
67%
Wisconsin
67%
Florida
64%
South Carolina
61%
South Dakota
61%
Minnesota
60%
Montana
60%
Colorado
56%
Georgia
55%
Indiana
55%
Iowa
55%
Maine
55%
Mississippi
51%
Missouri
51%
New Mexico
51%
New Jersey
50%
Hawaii
49%
Texas
48%
Arkansas
47%
New Hampshire
46%
Delaware
45%
Ohio
44%
Wyoming
44%
Michigan
43%
Oregon
43%
Illinois
42%
Pennsylvania
42%
Idaho
41%
Massachusetts
41%
Utah
41%
Connecticut
40%
Virginia
40%
West Virginia
40%
Kentucky
39%
Tennessee
39%
Vermont
39%
Louisiana
38%
Kansas
36%
Maryland
33%
Oklahoma
30%
Rhode Island
29%

Score Distribution

Percentile by Number Answered

Percent of People with Each Score

Your Score History

You have not taken this quiz